[Event "Verden op-A"]
[Site "Verden"]
[Date "2023.01.08"]
[Round "7"]
[White "Uhlendorff, Luca"]
[Black "Kozik, Andreas"]
[Result "1-0"]
[WhiteElo "1792"]
[BlackElo "1923"]
[PlyCount "139"]
[EventDate "2023.01.05"]
[EventType "swiss"]
[EventRounds "7"]
[EventCountry "GER"]
[SourceTitle "CBM 212 Extra"]
[Source "ChessBase"]
[SourceDate "2023.03.31"]
[SourceVersion "1"]
[SourceVersionDate "2023.03.31"]
[SourceQuality "1"]

1. d4 d5 2. Bf4 c5 3. e3 Nc6 4. Nf3 Nf6 5. Nbd2 e6 6. c3 cxd4 7. exd4 Nh5 8. Be3 Bd6 9. Ne5 g6 10. f4 f6 11. Nd3 Qc7 12. g3 0-0 13. Bg2 Bd7 14. 0-0 f5 15. Ne5 Nf6 16. c4 dxc4 17. Ndxc4 Nd5 18. Bxd5 exd5 19. Nxd6 Qxd6 20. Qd2 Rac8 21. Rfc1 Rc7 22. Rc5 Rfc8 23. Rac1 b6 24. R5c3 Ne7 25. Rxc7 Rxc7 26. Rxc7 Qxc7 27. Qb4 Be8 28. Bd2 Nc8 29. Qb3 Qb7 30. Bb4 Bf7 31. Ba3 a5 32. Qc2 Be8 33. h3 Na7 34. g4 Nb5 35. Qd2 Nxa3 36. bxa3 Qc7 37. Kh2 Bd7 38. g5 Ba4 39. Kg3 Kg7 40. Kf2 Kf8 41. Nd3 Bc2 42. Ne5 Be4 43. Qb2 Ke7 44. Ke3 Bc2 45. Kd2 Ba4 46. Qc3 Qxc3+ 47. Kxc3 Be8 48. h4 Kd6 49. Kb3 Kc7 50. Nf3 Kd6 51. Ne1 Kc7 52. Nc2 Kd6 53. Ne3 Ke6 54. Nf1 Kd6 55. Kc3 Ke6 56. Ng3 Kd6 57. h5 Ke6 58. h6 Bb5 59. Nh5 Kf7 60. Nf6 Bc4 61. Kb2 b5 62. Nxh7 Kg8 63. Nf6+ Kh8 64. Ne8 Kg8 65. Nd6 Bd3 66. Nb7 a4 67. Kc3 Bc4 68. Kb4 Bxa2 69. Kxb5 Bb3 70. Nc5 1-0

[Event "Verden op-A"]
[Site "Verden"]
[Date "2023.01.06"]
[Round "4"]
[White "Kozik, Andreas"]
[Black "Kurt, Sascha"]
[Result "1/2-1/2"]
[WhiteElo "1923"]
[BlackElo "1828"]
[PlyCount "40"]
[EventDate "2023.01.05"]
[EventType "swiss"]
[EventRounds "7"]
[EventCountry "GER"]
[SourceTitle "CBM 212 Extra"]
[Source "ChessBase"]
[SourceDate "2023.03.31"]
[SourceVersion "1"]
[SourceVersionDate "2023.03.31"]
[SourceQuality "1"]

1. d4 Nf6 2. Bf4 d5 3. e3 Bf5 4. Nd2 e6 5. c3 c5 6. Ngf3 Nc6 7. Nh4 Bg6 8. Nxg6 hxg6 9. h3 Qb6 10. Qb3 Nd7 11. Nf3 Qxb3 12. axb3 f6 13. Bb5 Nb6 14. Bc7 Nc8 15. Bg3 Kd7 16. Ke2 a6 17. Rhd1 Nb6 18. Bd3 cxd4 19. exd4 g5 20. Nd2 Bd6 1/2-1/2

[Event "GER Cup Net V4 U2000"]
[Site "Playchess.com INT"]
[Date "2020.05.31"]
[Round "5"]
[White "Ebner, Hermann"]
[Black "Kozik, Andreas"]
[Result "1/2-1/2"]
[WhiteElo "1475"]
[BlackElo "1722"]
[PlyCount "100"]
[EventDate "2020.05.31"]
[EventType "swiss (blitz)"]
[EventRounds "9"]
[EventCountry "GER"]
[SourceTitle "EXT 2021"]
[Source "ChessBase"]
[SourceDate "2020.10.23"]
[SourceVersion "1"]
[SourceVersionDate "2020.10.23"]
[SourceQuality "1"]

1. d4 g6 2. Bf4 Bg7 3. e3 c5 4. c3 cxd4 5. exd4 Qb6 6. Qb3 Qd8 7. Bc4 e6 8. Nf3 d5 9. Bd3 Ne7 10. 0-0 0-0 11. Re1 Nd7 12. Ne5 Nf6 13. Nd2 Bd7 14. Rab1 b6 15. Qd1 a5 16. a3 b5 17. Qe2 b4 18. axb4 axb4 19. cxb4 Qb6 20. Nb3 Qxb4 21. Nc5 Ra7 22. Ra1 Rfa8 23. Ncxd7 Nxd7 24. Rxa7 Rxa7 25. Rc1 h5 26. h3 Nxe5 27. Bxe5 Bxe5 28. Qxe5 Qxb2 29. Rb1 Ra1 30. Rxa1 Qxa1+ 31. Kh2 Qa8 32. Qf6 Qb8+ 33. g3 Qd6 34. Qf3 Nc6 35. Qe3 Qb4 36. Bxg6 fxg6 37. Qxe6+ Kh7 38. Qxc6 Qxd4 39. Qd7+ Kh6 40. Kg2 Qd2 41. Qd6 Qd4 42. Qf8+ Kh7 43. Qf7+ Kh6 44. h4 Qe4+ 45. Kh2 d4 46. Qf8+ Kh7 47. Qf7+ Kh8 48. Qf8+ Kh7 49. Qf7+ Kh6 50. Qf8+ Kh7 1/2-1/2

[Event "GER Cup Net V4 U2000"]
[Site "Playchess.com INT"]
[Date "2020.05.31"]
[Round "7"]
[White "Kozik, Andreas"]
[Black "Schmitt, Carsten1111"]
[Result "1-0"]
[WhiteElo "1722"]
[BlackElo "1793"]
[PlyCount "131"]
[EventDate "2020.05.31"]
[EventType "swiss (blitz)"]
[EventRounds "9"]
[EventCountry "GER"]
[SourceTitle "EXT 2021"]
[Source "ChessBase"]
[SourceDate "2020.10.23"]
[SourceVersion "1"]
[SourceVersionDate "2020.10.23"]
[SourceQuality "1"]

1. e4 e6 2. d4 d5 3. Nc3 Nf6 4. Bg5 Bb4 5. exd5 Qxd5 6. Nf3 Ne4 7. Bd2 Nxd2 8. Qxd2 Nc6 9. a3 Bxc3 10. bxc3 0-0 11. Bd3 Na5 12. Ng5 h6 13. Ne4 Nc4 14. Qf4 e5 15. Qg3 Kh8 16. Bxc4 Qxc4 17. Qxe5 b6 18. f3 Ba6 19. 0-0-0 Qa2 20. Kd2 Qxa3 21. Ra1 f6 22. Qxc7 Rfc8 23. Qxc8+ Bxc8 24. Rxa3 f5 25. Nd6 Be6 26. Re1 Bd5 27. Re7 a5 28. Nxf5 b5 29. Rd7 Bg8 30. Ne7 Bc4 31. Nc6 a4 32. Ra7 Rc8 33. Ne5 Bg8 34. Ra1 Rd8 35. Rb7 Ra8 36. Rxb5 a3 37. Rb3 a2 38. Rb2 Bd5 39. c4 Be6 40. Rbxa2 Rd8 41. Ra8 Rxa8 42. Rxa8+ Kh7 43. d5 Bf5 44. Ke3 g5 45. c3 Kg7 46. Kd4 Bc2 47. g3 Kf6 48. Re8 h5 49. Re6+ Kg7 50. c5 h4 51. c6 hxg3 52. hxg3 Bf5 53. Re7+ Kf8 54. d6 g4 55. fxg4 Bc8 56. c4 Ba6 57. c5 Bc8 58. Ra7 Be6 59. d7 Ke7 60. c7 Bxd7 61. Nxd7 Kxd7 62. g5 Kc8 63. g6 Kd7 64. g7 Kc8 65. g8Q+ Kd7 66. c8Q# 1-0

[Event "GER Cup Net V3 U2000"]
[Site "Playchess.com INT"]
[Date "2020.05.27"]
[Round "6"]
[White "Dietrich, Leif"]
[Black "Kozik, Andreas"]
[Result "1-0"]
[WhiteElo "1620"]
[BlackElo "1791"]
[PlyCount "75"]
[EventDate "2020.05.27"]
[EventType "swiss (blitz)"]
[EventRounds "9"]
[EventCountry "GER"]
[SourceTitle "EXT 2021"]
[Source "ChessBase"]
[SourceDate "2020.10.23"]
[SourceVersion "1"]
[SourceVersionDate "2020.10.23"]
[SourceQuality "1"]

1. e4 g6 2. d4 Bg7 3. Nc3 c6 4. f4 d5 5. Nf3 dxe4 6. Nxe4 Nf6 7. Nxf6+ Bxf6 8. c3 Bf5 9. Bd3 Bxd3 10. Qxd3 c5 11. Be3 0-0 12. 0-0 Nc6 13. d5 b6 14. Rad1 Na5 15. f5 c4 16. Qc2 Rc8 17. Bh6 Bg7 18. Bxg7 Kxg7 19. fxg6 hxg6 20. Rd4 Rh8 21. Rf4 Qd6 22. Ng5 f6 23. Ne6+ Kf7 24. Qf2 g5 25. Rxf6+ Ke8 26. Ng7+ Kd7 27. Rxd6+ Kxd6 28. Nf5+ Kd7 29. Nd4 Nb7 30. Qf5+ Kc7 31. Nb5+ Kb8 32. Qe5+ Nd6 33. Nxd6 exd6 34. Qxd6+ Ka8 35. Rf7 Rhe8 36. Qd7 Re1+ 37. Kf2 Rce8 38. Qxa7# 1-0

[Event "GER Cup Net V3 U2000"]
[Site "Playchess.com INT"]
[Date "2020.05.27"]
[Round "3"]
[White "Noack, Thomas"]
[Black "Kozik, Andreas"]
[Result "0-1"]
[WhiteElo "1612"]
[BlackElo "1791"]
[PlyCount "70"]
[EventDate "2020.05.27"]
[EventType "swiss (blitz)"]
[EventRounds "9"]
[EventCountry "GER"]
[SourceTitle "EXT 2021"]
[Source "ChessBase"]
[SourceDate "2020.10.23"]
[SourceVersion "1"]
[SourceVersionDate "2020.10.23"]
[SourceQuality "1"]

1. e4 g6 2. d4 Bg7 3. Nc3 c6 4. Be3 d5 5. exd5 cxd5 6. Qd2 Qb6 7. 0-0-0 Nf6 8. Nf3 0-0 9. Bh6 Nc6 10. h4 Bg4 11. h5 Bxh5 12. Bxg7 Kxg7 13. Ne5 Ne4 14. Nxe4 dxe4 15. g4 Nxe5 16. gxh5 Nf3 17. Qf4 g5 18. Qxe4 Qf6 19. h6+ Kh8 20. Bd3 Qf4+ 21. Kb1 Qxe4 22. Bxe4 Nh4 23. Rdg1 f6 24. Bxb7 Rab8 25. Be4 Rfd8 26. c3 e5 27. dxe5 fxe5 28. Rxg5 Ng6 29. Bxg6 hxg6 30. Rxg6 Rd2 31. b3 Rxf2 32. Re6 Re2 33. Rf1 Rd8 34. Re7 Kg8 35. Rff7 Rd1# 0-1

[Event "Lueneburg distr-ch Meister"]
[Site "Bergen"]
[Date "2018.10.13"]
[Round "6.6"]
[White "Palmer, Harald"]
[Black "Kozik, Andreas"]
[Result "0-1"]
[WhiteElo "1849"]
[BlackElo "1962"]
[PlyCount "90"]
[EventDate "2018.10.11"]
[EventType "swiss"]
[EventRounds "7"]
[EventCountry "GER"]
[SourceTitle "EXT 2020"]
[Source "ChessBase"]
[SourceDate "2019.10.17"]
[SourceVersion "1"]
[SourceVersionDate "2019.10.17"]
[SourceQuality "1"]

1. Nf3 g6 2. c4 c5 3. Nc3 Nc6 4. g3 Bg7 5. Bg2 e6 6. e4 Nge7 7. 0-0 0-0 8. a3 d5 9. cxd5 exd5 10. d3 h6 11. Rb1 Be6 12. Bd2 Qd7 13. Qc1 Kh7 14. exd5 Nxd5 15. Nxd5 Bxd5 16. Qxc5 Bxf3 17. Bxf3 Ne5 18. Qd5 Qxd5 19. Bxd5 Rfd8 20. Bxb7 Rab8 21. Bg2 Nxd3 22. Ba5 Rdc8 23. b3 Rc5 24. Bd2 Bd4 25. Be3 Bxe3 26. fxe3 Kg7 27. Rfd1 Rc3 28. Bf1 Ne5 29. Rd5 Rxe3 30. Rb5 Rd8 31. Rb2 Rd1 32. Kg2 Ree1 33. Rf2 Ng4 34. Rb7 Nxf2 35. Kxf2 Rxf1+ 36. Kg2 a6 37. a4 Rf6 38. a5 Rd2+ 39. Kh3 h5 40. g4 Rf3+ 41. Kh4 Rxh2+ 42. Kg5 hxg4 43. b4 Rg2 44. b5 Rf5+ 45. Kh4 Rh5# 0-1

[Event "Lueneburg distr-ch Meister"]
[Site "Bergen"]
[Date "2018.10.12"]
[Round "4.5"]
[White "Kozik, Andreas"]
[Black "Bargsten, Justus"]
[Result "0-1"]
[WhiteElo "1962"]
[BlackElo "1871"]
[PlyCount "60"]
[EventDate "2018.10.11"]
[EventType "swiss"]
[EventRounds "7"]
[EventCountry "GER"]
[SourceTitle "EXT 2020"]
[Source "ChessBase"]
[SourceDate "2019.10.17"]
[SourceVersion "1"]
[SourceVersionDate "2019.10.17"]
[SourceQuality "1"]

1. e4 c5 2. Nc3 a6 3. a4 g6 4. f4 Bg7 5. Nf3 Nc6 6. Bc4 d6 7. 0-0 e6 8. Ba2 Nge7 9. d3 0-0 10. Kh1 Rb8 11. Qe1 b5 12. axb5 axb5 13. Qh4 Nb4 14. Bb1 Bd7 15. Ne2 Nc8 16. Qf2 c4 17. d4 Ne7 18. Bd2 Nbc6 19. c3 f5 20. e5 Bc8 21. Bc2 Bb7 22. h3 h6 23. g4 dxe5 24. fxe5 fxg4 25. hxg4 Nxe5 26. Qe3 Nxf3 27. Qxe6+ Kh7 28. Rxf3 Bxf3+ 29. Kg1 Bd5 30. Qe3 Rf3 0-1

[Event "Mittelfranken-chTB2b 1314"]
[Site "Mittelfranken"]
[Date "2014.05.04"]
[Round "9.3"]
[White "Wegmann, Wolfgang"]
[Black "Kozik, Andreas"]
[Result "1/2-1/2"]
[WhiteElo "1907"]
[BlackElo "1826"]
[PlyCount "20"]
[EventDate "2013.10.20"]
[EventType "team-tourn"]
[EventRounds "9"]
[EventCountry "GER"]
[SourceTitle "EXT 2020"]
[Source "ChessBase"]
[SourceDate "2019.10.17"]
[SourceVersion "1"]
[SourceVersionDate "2019.10.17"]
[SourceQuality "1"]
[WhiteTeam "Heideck/Hilpoltstein"]
[BlackTeam "Nuernberg NT IV"]
[WhiteTeamCountry "GER"]
[BlackTeamCountry "GER"]

1. c4 Nf6 2. g3 g6 3. Bg2 Bg7 4. Nc3 0-0 5. e4 d6 6. h3 Nc6 7. Nge2 e5 8. d3 Ne8 9. 0-0 f5 10. f4 Nf6 1/2-1/2

[Event "Mittelfranken-chTB2b 1314"]
[Site "Mittelfranken"]
[Date "2013.12.01"]
[Round "3.4"]
[White "Kozik, Andreas"]
[Black "Zach, Andreas1111"]
[Result "1/2-1/2"]
[WhiteElo "1826"]
[BlackElo "1799"]
[PlyCount "38"]
[EventDate "2013.10.20"]
[EventType "team-tourn"]
[EventRounds "9"]
[EventCountry "GER"]
[SourceTitle "EXT 2020"]
[Source "ChessBase"]
[SourceDate "2019.10.17"]
[SourceVersion "1"]
[SourceVersionDate "2019.10.17"]
[SourceQuality "1"]
[WhiteTeam "Nuernberg NT IV"]
[BlackTeam "Lauf SV"]
[WhiteTeamCountry "GER"]
[BlackTeamCountry "GER"]

1. e4 d5 2. exd5 Qxd5 3. d4 Nf6 4. Nc3 Qd6 5. Nf3 Bg4 6. Be2 c6 7. 0-0 e6 8. Be3 Be7 9. Qd2 0-0 10. a3 Qc7 11. h3 Bxf3 12. Bxf3 Nd5 13. Nxd5 exd5 14. Bf4 Bd6 15. Bxd6 Qxd6 16. Rfe1 Nd7 17. Be2 Rae8 18. Bd3 g6 19. Re2 Rxe2 1/2-1/2

[Event "Mittelfranken-chTB2a 1213"]
[Site "Germany"]
[Date "2012.12.16"]
[Round "5.3"]
[White "Kozik, Andreas"]
[Black "Dereser, Marc"]
[Result "1/2-1/2"]
[WhiteElo "1975"]
[BlackElo "1835"]
[PlyCount "40"]
[EventDate "2012.10.07"]
[EventType "team-tourn"]
[EventRounds "9"]
[EventCountry "GER"]
[SourceTitle "EXT 2019"]
[Source "ChessBase"]
[SourceDate "2018.10.10"]
[SourceVersion "1"]
[SourceVersionDate "2018.10.10"]
[SourceQuality "1"]
[WhiteTeam "Nuernberg NT V"]
[BlackTeam "Nuernberg SK 1911 II"]
[WhiteTeamCountry "GER"]
[BlackTeamCountry "GER"]

1. e4 c5 2. Nf3 d6 3. d4 cxd4 4. Nxd4 Nf6 5. Nc3 g6 6. Be3 Bg7 7. f3 a6 8. Qd2 0-0 9. Bh6 b5 10. Bxg7 Kxg7 11. 0-0-0 Qb6 12. g4 Be6 13. Kb1 Nc6 14. Nxc6 Qxc6 15. h4 Rh8 16. h5 Rac8 17. h6+ Kf8 18. Qd4 Qc5 19. Qd2 Nd7 20. Ne2 Ne5 1/2-1/2

[Event "Mittelfranken-chTB2a 1112"]
[Site "Germany"]
[Date "2012.01.15"]
[Round "5.3"]
[White "Veh Hoelzlein, Michael"]
[Black "Kozik, Andreas"]
[Result "1-0"]
[WhiteElo "1987"]
[BlackElo "1911"]
[PlyCount "69"]
[EventDate "2011.09.25"]
[EventType "team-tourn"]
[EventRounds "9"]
[EventCountry "GER"]
[SourceTitle "EXT 2013"]
[Source "ChessBase"]
[SourceDate "2012.11.22"]
[SourceVersion "1"]
[SourceVersionDate "2012.11.22"]
[SourceQuality "1"]
[WhiteTeam "Cadolzburg"]
[BlackTeam "Nuernberg NT V"]
[WhiteTeamCountry "GER"]
[BlackTeamCountry "GER"]

1. e4 c5 2. Nf3 Nc6 3. Bb5 g6 4. 0-0 Bg7 5. c3 Nf6 6. Re1 0-0 7. d4 cxd4 8. cxd4 a6 9. Bf1 d6 10. h3 e5 11. Nc3 h6 12. Be3 b5 13. Qc2 Bd7 14. Rad1 Rc8 15. a3 Qc7 16. Qd2 Kh7 17. dxe5 dxe5 18. Bc5 Rfe8 19. b4 Bf8 20. Nd5 Nxd5 21. exd5 Nd4 22. Nxd4 exd4 23. Bxd4 Rxe1 24. Rxe1 Bd6 25. Ba1 Rg8 26. Qd4 Qd8 27. Qa7 Qc8 28. Bb2 Bb8 29. Qb6 Bc7 30. Qf6 Be8 31. Re7 h5 32. Rxf7+ Bxf7 33. Qxf7+ Kh6 34. Bc1+ g5 35. Bd3 1-0

[Event "Mittelfranken-chTB2a 1112"]
[Site "Germany"]
[Date "2011.12.11"]
[Round "4.3"]
[White "Kozik, Andreas"]
[Black "Rosin, Ralf"]
[Result "0-1"]
[WhiteElo "1911"]
[BlackElo "1984"]
[PlyCount "68"]
[EventDate "2011.09.25"]
[EventType "team-tourn"]
[EventRounds "9"]
[EventCountry "GER"]
[SourceTitle "EXT 2013"]
[Source "ChessBase"]
[SourceDate "2012.11.22"]
[SourceVersion "1"]
[SourceVersionDate "2012.11.22"]
[SourceQuality "1"]
[WhiteTeam "Nuernberg NT V"]
[BlackTeam "Grossenseebach"]
[WhiteTeamCountry "GER"]
[BlackTeamCountry "GER"]

1. e4 Nc6 2. Nf3 e5 3. d4 exd4 4. Nxd4 Nf6 5. Nxc6 bxc6 6. e5 Qe7 7. Qe2 Nd5 8. c4 Nb6 9. b3 a5 10. Bb2 a4 11. Nd2 axb3 12. axb3 Rxa1+ 13. Bxa1 Qa3 14. Qd1 Bb4 15. Bd4 c5 16. Be3 Bb7 17. Bd3 Qb2 18. f4 0-0 19. 0-0 Ra8 20. Qc2 Qxc2 21. Bxc2 Ra2 22. Rc1 d5 23. exd6 cxd6 24. Nf3 g6 25. f5 Kg7 26. Bf4 Nc8 27. fxg6 hxg6 28. Bb1 Rb2 29. Bc2 f6 30. Nd2 Ne7 31. Bxd6 Bxd2 32. Rd1 Rxc2 33. Bxe7 Be3+ 34. Kf1 Bxg2+ 0-1

[Event "Mittelfranken-chTB2a 1112"]
[Site "Germany"]
[Date "2011.09.25"]
[Round "1.2"]
[White "Kozik, Andreas"]
[Black "Bolten, Daniel"]
[Result "1/2-1/2"]
[WhiteElo "1911"]
[BlackElo "1889"]
[PlyCount "52"]
[EventDate "2011.09.25"]
[EventType "team-tourn"]
[EventRounds "9"]
[EventCountry "GER"]
[SourceTitle "EXT 2013"]
[Source "ChessBase"]
[SourceDate "2012.11.22"]
[SourceVersion "1"]
[SourceVersionDate "2012.11.22"]
[SourceQuality "1"]
[WhiteTeam "Nuernberg NT V"]
[BlackTeam "Nuernberg Sued SW III"]
[WhiteTeamCountry "GER"]
[BlackTeamCountry "GER"]

1. e4 e6 2. d4 d5 3. Nc3 Bb4 4. e5 c5 5. a3 Bxc3+ 6. bxc3 Ne7 7. Qg4 Qc7 8. Bd3 cxd4 9. Ne2 Ng6 10. cxd4 Nc6 11. 0-0 Bd7 12. Be3 0-0 13. h4 f5 14. exf6 Rxf6 15. Bg5 Rf7 16. Qh5 e5 17. dxe5 Ncxe5 18. Bd2 Nxd3 19. cxd3 Rf5 20. Bg5 Raf8 21. Ng3 R5f7 22. Be3 Qd6 23. Bd2 Nf4 24. Bxf4 Rxf4 25. Rae1 Rd4 26. Re3 Qf4 1/2-1/2

[Event "Mittelfranken-chTB2a 1011"]
[Site "Germany"]
[Date "2010.09.26"]
[Round "1.2"]
[White "Krasnikov, Paul"]
[Black "Kozik, Andreas"]
[Result "0-1"]
[WhiteElo "1819"]
[BlackElo "1918"]
[PlyCount "140"]
[EventDate "2010.09.26"]
[EventType "team-tourn"]
[EventRounds "9"]
[EventCountry "GER"]
[SourceTitle "EXT 2012"]
[Source "ChessBase"]
[SourceDate "2011.11.24"]
[SourceVersion "1"]
[SourceVersionDate "2011.11.24"]
[SourceQuality "1"]
[WhiteTeam "Zirndorf II"]
[BlackTeam "Nuernberg NT V"]
[WhiteTeamCountry "GER"]
[BlackTeamCountry "GER"]

1. d4 Nf6 2. Bg5 g6 3. Bxf6 exf6 4. c4 Bg7 5. Nf3 0-0 6. e3 d6 7. Bd3 Bg4 8. 0-0 Nc6 9. a3 Re8 10. Nbd2 Ne7 11. Qc2 c5 12. b4 Qc7 13. Rab1 b6 14. Rfc1 Bh6 15. Ne4 Bg7 16. bxc5 bxc5 17. dxc5 dxc5 18. Rb5 Bxf3 19. gxf3 f5 20. Rxc5 Nc6 21. Nd2 Bf8 22. Rb5 Bxa3 23. Rcb1 Bd6 24. f4 Bxf4 25. exf4 Nd4 26. Rb7 Qxf4 27. Qa2 Qxd2 28. Qxd2 Nf3+ 29. Kg2 Nxd2 30. Rc1 Red8 31. Be2 Ne4 32. Bf3 Rdc8 33. c5 Rxc5 34. Rxc5 Nxc5 35. Rc7 Ne4 36. Bd1 a5 37. Bb3 Nd6 38. Rd7 Ra6 39. f4 a4 40. Ba2 Rb6 41. Kf3 Kf8 42. Ra7 Rb4 43. Rd7 Rb6 44. Ra7 Rb2 45. Rxa4 Rb7 46. h4 Kg7 47. Bd5 Re7 48. Rb4 Kh6 49. Rb3 Kh5 50. Rb2 Ne4 51. Rc2 Nf6 52. Ba8 Ng4 53. Kg3 Kh6 54. Rc1 Nf6 55. Kf3 Nh5 56. Bd5 Rd7 57. Rc5 Nf6 58. Bc4 Kh5 59. Rc8 Ne4 60. Bb5 Rb7 61. Be2 Kxh4 62. Rc1 Rb3+ 63. Kg2 Rg3+ 64. Kh2 Nf2 65. Rc7 Ng4+ 66. Kh1 Kh3 67. Bf1+ Kh4 68. Rxf7 h5 69. Be2 Re3 70. Bxg4 Kg3 0-1

[Event "Mittelfranken-chTB2a 0910"]
[Site "Mittelfranken"]
[Date "2010.03.14"]
[Round "8.1"]
[White "Walter, Thomas"]
[Black "Kozik, Andreas"]
[Result "1-0"]
[WhiteElo "2138"]
[BlackElo "1920"]
[PlyCount "55"]
[EventDate "2009.10.11"]
[EventType "team-tourn"]
[EventRounds "9"]
[EventCountry "GER"]
[SourceTitle "EXT 2011"]
[Source "ChessBase"]
[SourceDate "2010.11.26"]
[SourceVersion "1"]
[SourceVersionDate "2010.11.26"]
[SourceQuality "1"]
[WhiteTeam "Erlangen SC II"]
[BlackTeam "Nuernberg NT V"]
[WhiteTeamCountry "GER"]
[BlackTeamCountry "GER"]

1. e4 c5 2. Nf3 Nc6 3. d4 cxd4 4. Nxd4 g6 5. Nc3 Bg7 6. Be3 Nf6 7. Nxc6 bxc6 8. e5 Ng8 9. f4 d5 10. b4 e6 11. Qd2 Ne7 12. Rd1 Bd7 13. Bc5 Nf5 14. Be2 Bf8 15. 0-0 Bxc5+ 16. bxc5 Qa5 17. Kh1 Qxc5 18. Na4 Qa3 19. Qa5 0-0 20. g4 c5 21. Qxc5 Qxa4 22. gxf5 Rac8 23. Qe7 Rxc2 24. Bd3 Rf2 25. fxg6 Rxf1+ 26. Rxf1 hxg6 27. Rg1 Qc6 28. Bxg6 1-0

[Event "Mittelfranken-chTB2a 0910"]
[Site "Mittelfranken"]
[Date "2010.02.21"]
[Round "7.1"]
[White "Kozik, Andreas"]
[Black "Engelmann, Wolfgang"]
[Result "0-1"]
[WhiteElo "1920"]
[BlackElo "2066"]
[PlyCount "68"]
[EventDate "2009.10.11"]
[EventType "team-tourn"]
[EventRounds "9"]
[EventCountry "GER"]
[SourceTitle "EXT 2011"]
[Source "ChessBase"]
[SourceDate "2010.11.26"]
[SourceVersion "1"]
[SourceVersionDate "2010.11.26"]
[SourceQuality "1"]
[WhiteTeam "Nuernberg NT V"]
[BlackTeam "Rothenburg"]
[WhiteTeamCountry "GER"]
[BlackTeamCountry "GER"]

1. e4 c5 2. Nf3 Nc6 3. d4 cxd4 4. Nxd4 Nf6 5. Nc3 d6 6. Bg5 e5 7. Ndb5 a6 8. Na3 b5 9. Nd5 Be7 10. Bxf6 Bxf6 11. c4 b4 12. Qa4 Bd7 13. Nb5 axb5 14. Qxa8 Qxa8 15. Nc7+ Ke7 16. Nxa8 Rxa8 17. Bd3 b3 18. a3 Nb4 19. Kd2 Nxd3 20. Kxd3 Rc8 21. c5 dxc5 22. Kc3 c4 23. Rad1 Bc6 24. f3 Ke6 25. Rd2 Bg5 26. Re2 Bd8 27. Kb4 Be7+ 28. Kc3 Rd8 29. Rd2 b4+ 30. axb4 Bxb4+ 31. Kxb4 Rxd2 32. Kxc4 Rxb2 33. Kc3 Rxg2 34. Kxb3 Rf2 0-1

[Event "Mittelfranken-chTB1 0809"]
[Site "Mittelfranken"]
[Date "2009.02.08"]
[Round "6.7"]
[White "Kozik, Andreas"]
[Black "Pidtoptanyy, Igor"]
[Result "1/2-1/2"]
[WhiteElo "1893"]
[BlackElo "1978"]
[PlyCount "31"]
[EventDate "2008.10.12"]
[EventType "team"]
[EventRounds "9"]
[EventCountry "GER"]
[SourceTitle "EXT 2011"]
[Source "ChessBase"]
[SourceDate "2010.11.26"]
[SourceVersion "1"]
[SourceVersionDate "2010.11.26"]
[SourceQuality "1"]
[WhiteTeam "Nuernberg NT IV"]
[BlackTeam "Fuerth SZ"]
[WhiteTeamCountry "GER"]
[BlackTeamCountry "GER"]

1. e4 e5 2. Nf3 Nc6 3. d4 exd4 4. Nxd4 Bc5 5. Be3 Qf6 6. c3 Nge7 7. Nc2 Bxe3 8. Nxe3 Qg6 9. Nd2 0-0 10. Be2 d6 11. g4 Qe6 12. Qb3 Qxb3 13. Nxb3 Be6 14. Nd4 Ng6 15. f3 Nce5 16. Kf2 1/2-1/2

[Event "Mittelfrankenliga-B1 0708"]
[Site "Mittelfranken"]
[Date "2007.11.11"]
[Round "2.8"]
[White "Morcinek, Artur"]
[Black "Kozik, Andreas"]
[Result "0-1"]
[WhiteElo "1696"]
[BlackElo "1933"]
[PlyCount "112"]
[EventDate "2007.10.14"]
[EventType "team-tourn"]
[EventRounds "9"]
[EventCountry "GER"]
[SourceTitle "EXT 2011"]
[Source "ChessBase"]
[SourceDate "2010.11.26"]
[SourceVersion "1"]
[SourceVersionDate "2010.11.26"]
[SourceQuality "1"]
[WhiteTeam "Zirndorf II"]
[BlackTeam "Nuernberg NT III"]
[WhiteTeamCountry "GER"]
[BlackTeamCountry "GER"]

1. e4 c5 2. Nf3 Nc6 3. d4 cxd4 4. Nxd4 g6 5. Be3 Bg7 6. Be2 Nf6 7. Nc3 0-0 8. f3 d5 9. Nxc6 bxc6 10. e5 Ne8 11. f4 f6 12. Qd4 Nc7 13. exf6 Bxf6 14. Qd2 Ne6 15. 0-0-0 Qa5 16. Bg4 Bxc3 17. Bxe6+ Bxe6 18. Qxc3 Qxc3 19. bxc3 Rfb8 20. Rd4 c5 21. Ra4 Rb5 22. Re1 Kf7 23. Ra6 c4 24. Bxa7 Bc8 25. Ra3 Bb7 26. g4 Bc8 27. Bc5 Rxa3 28. Rxe7+ Kg8 29. Bxa3 Bxg4 30. Bb4 d4 31. Kd2 Rd5 32. a4 d3 33. a5 Rh5 34. cxd3 Rxh2+ 35. Kc1 cxd3 36. c4 Rc2+ 37. Kb1 Rxc4 38. Bd2 Rc2 39. a6 Rxd2 40. a7 Bf3 41. Re8+ Kf7 42. a8Q Bxa8 43. Rxa8 h5 44. Kc1 Rf2 45. Ra4 Kf6 46. Rd4 Kf5 47. Rxd3 Kxf4 48. Kd1 g5 49. Ke1 Rf3 50. Rd8 Kg3 51. Rd5 Kg4 52. Ke2 Rf4 53. Rd8 h4 54. Rh8 h3 55. Ke3 Kg3 56. Rh5 Rf3+ 0-1

[Event "Nuremberg-ch op 06th"]
[Site "Nuremberg"]
[Date "2006.06.04"]
[Round "4.19"]
[White "Kozik, Andreas"]
[Black "Amrehn, Fred"]
[Result "1/2-1/2"]
[WhiteElo "1812"]
[BlackElo "1930"]
[PlyCount "83"]
[EventDate "2006.06.02"]
[EventType "swiss"]
[EventRounds "5"]
[EventCountry "GER"]
[SourceTitle "EXT 2007"]
[Source "ChessBase"]
[SourceDate "2006.11.23"]
[SourceVersion "1"]
[SourceVersionDate "2006.11.23"]
[SourceQuality "1"]

1. e4 Nc6 2. d4 d5 3. e5 Bf5 4. Be3 e6 5. Bd3 Nge7 6. c3 Qd7 7. Ne2 Bxd3 8. Qxd3 Nf5 9. Nd2 Be7 10. 0-0 0-0 11. f4 f6 12. Rf3 fxe5 13. fxe5 Nxe3 14. Rxe3 Rf7 15. Rh3 g6 16. Rf1 Rxf1+ 17. Nxf1 Bf8 18. Ne3 Bg7 19. Ng4 Rf8 20. Rf3 Qe7 21. Rxf8+ Qxf8 22. Qf3 Qxf3 23. gxf3 Kf7 24. Kf2 Ne7 25. Ne3 c5 26. f4 b6 27. Kf3 Nc6 28. Ng4 h5 29. Nf2 Bf8 30. Nh3 Bh6 31. Ke3 Na5 32. b3 c4 33. b4 Nc6 34. a4 a5 35. b5 Nd8 36. Ng5+ Ke7 37. h4 Nf7 38. Nxf7 Kxf7 39. Ng1 Bf8 40. Nf3 Be7 41. Ng5+ Bxg5 42. fxg5 1/2-1/2